00608nam a22001575i 4500001000700000003000900007005001700016008004100033040002000074110005500094245006100149260008400210300002200294650003500316852009900351153217ES-MaACL20230906205058.0040826s1883 sp |||| | spa d aCAM bspa cCAM2 aCompañía Pizarrera de Villar del Rey (Badajoz)10aCompañía Pizarrera de Villar del Rey... b: tarifas. aMadrid : b[s.n.], c1883 (fEstablecimiento tipográfico de Alvarez hermanos) a[8] p. ; c21 cm.04aPizarras-xCanteras-zBadajoz. aES-MaACLjT-902-F-9 z-- Enc. hol., conservando la cub. original z-- Enc. en un vol. facticio